00518nam a22001697a 450000500170000001000270001702000260004403500250007003700130009508200170010810000260012524500730015126000280022427000560025230000210030850000190032920230405153919.0 aENG-117818 ENG-136614 a9789384002022c350.00 aEN-101350 EN-120146 bDBAD/PUB a659.10954147 aDattamajumdar,Satrupa aSome aspects of advertisting discourse /cby Satarupa Dattamajumdar c2014aKolkatabGangchil aMatir Bari,Omkar Park, Ghola BazarbKolkatae700111 c23cm(Hb) :a72p. aIncludes index